000 00286nam a2200109Ia 4500
005 20251222114344.0
008 251222s1900||||xx |||||||||||||| ||spa||
082 _aDVD0093/P55/2006/Ej.2
245 0 _aConsejos prácticos para la madre reciente o embarazada
264 _bPIGEON
942 _cDVD
999 _c986
_d986